书目信息 |
| 题名: |
妇产科临床使用手册
|
|
| 作者: | 田作宾 编著 | |
| 分册: | ||
| 出版信息: | 北京 科学普及出版社 1998.03 |
|
| 页数: | 385页 | |
| 开本: | 32开 | |
| 丛书名: | ||
| 单 册: | ||
| 中图分类: | R71-62 | |
| 科图分类: | ||
| 主题词: | 妇科学 , 产科学 , 妇产科 , 妇产科病 | |
| 电子资源: | ||
| ISBN: | 7-110-04241-3 | |
| 000 | 00635nam0 2200229 45 | |
| 001 | 0010231544 | |
| 005 | 20001023151349.0 | |
| 010 | @a7-110-04241-3@d21.00元 | |
| 100 | @a20001023d1998 km y0chiy0120 ea | |
| 101 | 0 | @achi |
| 105 | @a z 000yy | |
| 200 | 1 | @a妇产科临床使用手册@AFu Chan Ke Lin Chuang Shi Yong Shou Ce@f田作宾编著@FTian Zuo Bin Bian Zhu |
| 210 | @a北京@c科学普及出版社@d1998.03 | |
| 215 | @a385页@d32开 | |
| 606 | 0 | @a妇科学 |
| 606 | 0 | @a产科学 |
| 606 | 0 | @a妇产科 |
| 606 | 0 | @a妇产科病 |
| 690 | @aR71-62@v3 | |
| 701 | 0 | @a田作宾@4编著 |
| 801 | @aCN@bPftUser@c20001023 | |
| 905 | @b183908-910@dR71-62@eT076@f3 | |
| 妇产科临床使用手册/田作宾编著.-北京:科学普及出版社,1998.03 |
| 385页;32开 |
| ISBN 7-110-04241-3:21.00元 |
| ● |
| 相关链接 |
|
|
|
正题名:妇产科临床使用手册
索取号:R71-62/T076
 
预约/预借
| 序号 | 登录号 | 条形码 | 馆藏地/架位号 | 状态 | 备注 |
| 1 | 183908 | 201839083 | 自科库401/401自科库 20排1列1层/ [索取号:R71-62/T076] | 在馆 | |
| 2 | 183909 | 201839092 | 自科库401/401自科库 20排1列1层/ [索取号:R71-62/T076] | 在馆 | |
| 3 | 183910 | 201839109 | 自科库401/401自科库 20排1列1层/ [索取号:R71-62/T076] | 在馆 |